DVD: Milk /
সংরক্ষণ করুন:
| প্রধান লেখক: | |
|---|---|
| অন্যান্য লেখক: | , , , , , , , , , |
| বিন্যাস: | |
| ভাষা: | ইতালিয় ইংরেজি |
| প্রকাশিত: |
Milano : [Roma] :
Feltrinelli ; BIM [distributore],
c2009
|
| ট্যাগগুলো: |
কোনো ট্যাগ নেই, প্রথমজন হিসাবে ট্যাগ করুন!
|
MARC
| LEADER | 00000ngm a22000007ib4500 | ||
|---|---|---|---|
| 001 | IT\ICCU\LO1\1252280 | ||
| 003 | ItRI | ||
| 005 | 20260124182818.0 | ||
| 008 | 090622s2009 it |||||||||||||||k|||||c | ||
| 024 | 3 | 1 | |a 9788807730276 |b BIM |
| 040 | |b ita | ||
| 041 | 7 | |a ita |a eng |2 ISO-639-2 | |
| 130 | 0 | |a Milk <film ; 2008> |3 IT\ICCU\LO1\1251047 | |
| 245 | 0 | 5 | |a DVD: Milk / |c un film di Gus van Sant ; scritto da Dustin Lanceblack ; direttore della fotografia Harris Savides ; musiche Danny Elfman ; prodotto da Dan Jinks e Bruce Cohen ; [interpreti]: Sean Penn, Emile Hirsch, JOsh Brolin ... [et al.]. |
| 260 | |a Milano : |b Feltrinelli ; |a [Roma] : |b BIM [distributore], |c c2009 | ||
| 300 | |a 1 DVD-video (128 min) : |b a colori, PAL ; |c 12 cm | ||
| 500 | |a Etichetta: BIM | ||
| 500 | |a c2009 BIM | ||
| 500 | |a Caratteristiche tecniche: regione assente; 16/9 1.85:1; Dolby digital 5.1 italiano e originale | ||
| 500 | |a Sottotitoli: italiano | ||
| 500 | |a Tit. del contenitore | ||
| 500 | |a Produzione cinematografica: USA, 2008 | ||
| 500 | |a Tipo DVD 9 | ||
| 500 | |a Contenuti speciali: Trailer cinematografico. | ||
| 700 | 1 | |a Penn, Sean |0 IT\ICCU\LO1V\154971 |4 act | |
| 700 | 1 | |a Hirsch, Emile |0 IT\ICCU\LO1V\272308 |4 act | |
| 700 | 1 | |a Lanceblack, Dustin |0 IT\ICCU\LO1V\358097 |4 sce | |
| 700 | 1 | |a Elfman, Danny |0 IT\ICCU\RAVV\090346 |4 cmp | |
| 700 | 1 | |a Van Sant, Gus |0 IT\ICCU\RAVV\095105 |4 drt | |
| 700 | 1 | |a Brolin, Josh |0 IT\ICCU\RAVV\329158 |4 act | |
| 700 | 1 | |a Franco, James |0 IT\ICCU\RAVV\350739 |4 act | |
| 700 | 1 | |a Jinks, Dan |0 IT\ICCU\UBOV\557906 |4 pro | |
| 700 | 1 | |a Cohen, Bruce |0 IT\ICCU\UBOV\558191 |4 pro | |
| 700 | 1 | |a Luna, Diego |0 IT\ICCU\UBOV\678144 |4 act | |
| 700 | 1 | |a Savides, Harris |0 IT\ICCU\UBOV\698320 |4 pht | |
| 710 | 2 | |a Giangiacomo Feltrinelli Editore |0 IT\ICCU\IEIV\021325 |4 pbl | |
| 773 | 0 | |w IT\ICCU\LO1\1252273 |t Milk | |
| 790 | 1 | |a Feltrinelli, Giangiacomo |c (editore) |3 IT\ICCU\CFIV\151404 |z Giangiacomo Feltrinelli Editore | |
| 790 | 1 | |a Elfman, D. |3 IT\ICCU\SBNV\094575 |z Elfman, Danny | |
| 790 | 1 | |a Elfmann, Danny |3 IT\ICCU\SBNV\094576 |z Elfman, Danny | |
| 790 | 1 | |a Elfman, Daniel Robert |3 IT\ICCU\SBNV\094577 |z Elfman, Danny | |
| 790 | 1 | |a Sant, Gus : van |3 IT\ICCU\MILV\292249 |z Van Sant, Gus | |
| 791 | 2 | |a Feltrinelli (casa editrice) |3 IT\ICCU\CFIV\151403 |z Giangiacomo Feltrinelli Editore | |
| 791 | 2 | |a Feltrinelli editore |3 IT\ICCU\LO1V\141630 |z Giangiacomo Feltrinelli Editore | |
| 942 | |2 ddc |c VM |n 0 | ||
| 952 | |0 0 |1 0 |4 0 |6 VO_1867_000000000000000 |7 0 |9 26756 |a BO |b BO |d 2026-01-24 |i 14890 |l 0 |o VO 1867 |p BO14890 |r 2026-01-24 18:28:18 |w 2026-01-24 |x [Sebina 5] [1 v. + 1 dvd] |y VM |z 1 dvd | ||
| 999 | |c 22628 |d 22628 | ||